| 000 | 01496pam a2200337 a 4500 | ||
|---|---|---|---|
| 001 | 3297373 | ||
| 005 | 20091001112953.0 | ||
| 008 | 831214s19842009nyu |rb 001 0 eng | ||
| 010 | _a 83026276 | ||
| 020 | _a0521125537 | ||
| 020 | _a9780521125536 | ||
| 040 |
_aDLC _cDLC _dDLC |
||
| 043 | _ae-ur--- | ||
| 050 | 0 | 0 |
_aHX39.5 _b.L64 1984 |
| 082 | 0 | 0 |
_a321.9/2/0947 _219 |
| 100 | 1 |
_aLovell, David W., _d1956- _923833 |
|
| 245 | 1 | 0 |
_aFrom Marx to Lenin : _bAn Evaluation of Marx's Responsibility for Soviet Authoritarianism / _cDavid W. Lovell. |
| 260 |
_aCambridge [Cambridgeshire] ; _aNew York : _bCambridge University Press, 2009 _c2009 |
||
| 300 |
_axii, 239 p. ; _c23 cm. |
||
| 504 | _aIncludes bibliographical references(p. 230-233.) and index: | ||
| 600 | 1 | 0 |
_aMarx, Karl, _d1818-1883. _923834 |
| 600 | 1 | 0 |
_aLenin, Vladimir Ilich, _d1870-1924. _923835 |
| 650 | 0 |
_aCommunism _zSoviet Union _xHistory. _923836 |
|
| 650 | 0 |
_aAuthoritarianism _zSoviet Union _xHistory. _923837 |
|
| 650 | 0 |
_aDictatorship of the proletariat. _923838 |
|
| 653 |
_bPol _cMay2011 |
||
| 856 | 4 | 1 |
_3Table of contents only _uhttp://www.loc.gov/catdir/enhancements/fy1001/83026276-t.html |
| 856 | 4 | 2 |
_3Publisher description _uhttp://www.loc.gov/catdir/enhancements/fy1001/83026276-d.html |
| 942 |
_2ddc _cBB |
||
| 999 |
_c15283 _d15283 |
||